PETRODIESEL fuels : science, technology, health and environment
Պահպանված է:
| Ձևաչափ: | Գիրք |
|---|---|
| Լեզու: | անգլերեն |
| Հրապարակվել է: |
CRC Press
2021
|
| Ցուցիչներ: |
Ավելացրեք ցուցիչ
Չկան պիտակներ, Եղեք առաջինը, ով նշում է այս գրառումը!
|
MARC
| LEADER | 00000nam a22000007a 4500 | ||
|---|---|---|---|
| 008 | 240606b |||||||| |||| 00| 0 eng d | ||
| 020 | |a 9780367456160 | ||
| 245 | |a PETRODIESEL fuels |b : science, technology, health and environment |c Ozcan Konur |g xv,1223p., :ill | ||
| 250 | |c Konur Ozcan | ||
| 260 | |b CRC Press |c 2021 |h Boca Raton |i 702501 |l TP343.P44 |m Diesel fuels | ||
| 500 | |a It includes references and index | ||
| 942 | |a lcc |c BK |e Adeyemo O.O |f 06/06/2024 | ||
| 952 | |0 0 |1 0 |2 lcc |4 0 |6 TP0343 P44 |7 0 |9 5252 |a HOL |b HOL |c QZ |d 2024-06-06 |l 0 |o TP343.P44 |p 2024-0496 |r 2024-06-06 00:00:00 |t 702501 |w 2024-06-06 |y BK | ||
| 999 | |c 2603 |d 2603 | ||